000 00233nam a2200109Ia 4500
008 190216s9999||||xx |||||||||||||| ||und||
100 _aBachan
245 0 _aHindi-Madhusala
260 _bRaj Pal&Sons
650 _aHindi
942 _cBK
999 _c15246
_d15246